00925nam a2200253 a 4500008004100000020001800041020002900059020002200088020002600110050001500136100002700151245005200178260004800230300003200278350001000310490003500320490001100355500006600366650002000432650001500452856006800467856006800535856006800603181016s2007 ||||||||||||||||| || u a9780521674096 a9780521857406 (hardback) a0521674093 (pbk.) a0521857406 (hardback) aHM 741 Veg aVega-Redondo, Fernando10aComplex social networkscFernando Vega-Redondo. aNew York:bCambridge University Pressc2007 axiv, 294 p. : ill. ; 24 cm. a46.99 aEconometric Society monographs vno. 44 aIncludes bibliographical references (p. [275]-289) and index. 0aSOCIAL NETWORKS 0aSOCIOMETRY uhttp://www.loc.gov/catdir/enhancements/fy0702/2006030242-d.html uhttp://www.loc.gov/catdir/enhancements/fy0729/2006030242-b.html uhttp://www.loc.gov/catdir/enhancements/fy0702/2006030242-t.html